| 000 | 00979nam a2200229Ia 4500 | ||
|---|---|---|---|
| 003 | GCL | ||
| 008 | 140319s9999 xx 000 0 ara d | ||
| 040 |
_aGCL / _cGCL |
||
| 082 | 0 | 4 |
_a940.184 _bع ر |
| 100 | 1 | _aعبد اللطيف عبد الهادى السيد | |
| 245 | 1 | 0 |
_aرسائل جاك دى فيترى نقلا عن لغتها اللاتينية : _bدراسة وثائقية فى تاريخ العلاقات بين الشرق والغرب 1200-1240م / _cعبد اللطيف عبد الهادى السيد |
| 250 | _aالاولى | ||
| 260 |
_aالقاهرة : _bالمكتب الجامعى الحديث ، _c2005 |
||
| 300 |
_a286 ص ؛ _c23 سم |
||
| 650 | 0 | 4 | _aالحروب الصليبية |
| 650 | 0 | 4 | _aالكنيسة والدولة |
| 650 | 0 | 4 | _aالدين والدولة |
| 650 | 0 | 4 | _aالخطب السياسية |
| 650 | 0 | 4 | _aالكنائس الكاثولوكية |
| 650 | 0 | 4 | _aاوربا - تاريخ - العصور الوسطى |
| 942 |
_2ddc _cBK |
||
| 999 |
_c8535 _d8535 |
||